[Event "OP-2011-0-01713"]
[Site "LSS email"]
[Date "2011.08.10"]
[Round "?"]
[White "Lopez, Hermenegildo"]
[Black "Lind, Anders"]
[Result "0-1"]
[WhiteElo "1200"]
[BlackElo "1545"]
[PlyCount "72"]
[EventDate "2011.08.07"]
[EventType "tourn (corr)"]
[EventRounds "4"]
[EventCountry "GER"]
[SourceTitle "Telechess CBM 149"]
[Source "ChessBase"]
[SourceDate "2012.07.17"]
[SourceVersion "1"]
[SourceVersionDate "2012.07.17"]
[SourceQuality "1"]

1. e4 c6 2. d4 d5 3. Nc3 dxe4 4. Nxe4 Bf5 5. Ng3 Bg6 6. h4 h6 7. Nf3 Nd7 8. h5 Bh7 9. Bd3 Bxd3 10. Qxd3 e6 11. Bd2 Qc7 12. 0-0-0 Ngf6 13. Qe2 a5 14. Ne5 Bb4 15. c3 Bd6 16. f4 0-0 17. Ne4 Nxe4 18. Qxe4 f5 19. Qe2 Nf6 20. Ng6 Rfe8 21. Kb1 a4 22. Rde1 Ne4 23. g4 Ng3 24. Qg2 Nxh1 25. Rxh1 fxg4 26. Qxg4 c5 27. f5 Qc6 28. Rg1 exf5 29. Qxf5 cxd4 30. cxd4 Qe4+ 31. Qxe4 Rxe4 32. Bc3 a3 33. Ne5 axb2 34. Bxb2 Ba3 35. Ba1 Rc8 36. Nd7 Rh4 0-1